Tècnica específica de dansa clàssica per a homes: proposta pedagògica per al 4t curs dels ensenyaments professionals de dansa : Jose Miguel Marín Aguar Jose Miguel Marín Aguar
Descripción Física:
1 targeta postal ; il. col. ; 11 x 15 cm.
Colección:
Dansa Factoria IT 17/18
Idioma:
Catalán
MARC
| LEADER | 00000nkm a22000007a 4500 | ||
|---|---|---|---|
| 001 | 27261 | ||
| 003 | Arxiu | ||
| 005 | 20260324181150.0 | ||
| 008 | 230116b spa||||| |||| 00| 0 cat d | ||
| 017 | |a B 17833-2018 | ||
| 040 | |a agdb |b cat | ||
| 245 | |a Tècnica específica de dansa clàssica per a homes: proposta pedagògica per al 4t curs dels ensenyaments professionals de dansa : |b Jose Miguel Marín Aguar | ||
| 260 | |a Barcelona : |b Institut del Teatre ; |c 2018 | ||
| 300 | |a 1 targeta postal ; |b il. col. ; |c 11 x 15 cm. | ||
| 490 | |a Dansa Factoria IT 17/18 | ||
| 500 | |a Postal de la presentació del treball "Tècnica específica de dansa clàssica per a homes: proposta pedagògica per al 4t curs dels ensenyaments professionals de dansa", realitzada el dia 20 de juliol de 2018 a l'aula P3.S1 de l'Institut del Teatre. | ||
| 650 | 0 | |2 Arxiu |a Dansa |x Ensenyament |x Estudi de casos | |
| 655 | 0 | |9 52685 |a Targetes postals | |
| 710 | 1 | |9 52662 |a Institut del Teatre (Barcelona, Catalunya) | |
| 942 | |2 udc |c ARXIU |n 1 | ||
| 952 | |0 0 |1 0 |2 udc |4 0 |6 NBM16181 |7 1 |9 65033 |a Arxiu |b Arxiu |d 2023-01-16 |l 0 |o NBM-16-181 |p 27261 |r 2023-01-16 00:00:00 |w 2023-01-16 |y ARXIU | ||
| 999 | |c 82963 |d 82963 | ||